Statistics for La La Land Movie Trivia

Click here to take the quiz!

General Stats

  • This quiz has been taken 726 times
  • The average score is 17 of 31

Answer Stats

HintAnswer% Correct
Actress who plays "Mia"Emma Stone
99%
Actor who plays "Sebastian"Ryan Gosling
98%
City the movie takes place inLos Angeles
92%
Instrument Sebastian playsPiano
89%
Type of club Seb wants to openJazz club
88%
But he names it this at the endSeb's
83%
Soundtrack: Song in the introAnother Day of Sun
70%
Soundtrack: Won the OscarCity of Stars
69%
Mia's part time jobBarista
66%
Soundtrack: Song Mia sings with her roommatesSomeone in the Crowd
64%
Occupation of Mia's auntActress
62%
Rival movie at the
"Oscar scandal"
Moonlight
59%
Song Mia requests at the partyI Ran
57%
Soundtrack: Classic dance sceneA Lovely Night
53%
Director of "La La Land"Damien Chazelle
53%
Soundtrack: Mia's audition songAudition
52%
QuoteMaybe I'm not good {enough}
50%
What he wanted to name it firstChicken on a Stick
49%
QuoteI guess I'll see you in the {movies}
48%
Soundtrack: Sung by John LegendStart a Fire
47%
Main composer of the soundtrackJustin Hurwitz
42%
Toyota model that is Mia's carPrius
41%
U.S. state Mia is fromNevada
39%
Movie Mia and Sebastian
watch at their first date
Rebel Without
a Cause
35%
QuoteI'm letting {life} hit me until it gets tired
34%
Name of Mia's first boyfriendGreg
28%
Park they go to after the cinemaGriffith
22%
Name of the cinema they go toRialto
22%
QuoteI'll admit I was a little {curt} that night
21%
QuoteIt's like a {pipe} dream
18%
Actress on Mia's room wallIngrid Bergman
11%

Score Distribution

Percentile by Number Answered

Percent of People with Each Score

Your Score History

You have not taken this quiz